| 000 | 00774nam a2200229 a 4500 | ||
|---|---|---|---|
| 001 | BRCA_560 | ||
| 005 | 20190320203049.0 | ||
| 008 | 750723s1966####mx-a###f##---#001-0#spa-d | ||
| 040 |
_aDLC _cNmLcU _dDLC |
||
| 041 | _aspa | ||
| 044 | _amx | ||
| 050 | 4 |
_aNA9413 _b.R66 1966 |
|
| 100 | 1 |
_aRomero de Terreros y Vinent, Manuel _cMarqués de San Francisco _d1880-1968 _9903 |
|
| 245 | 1 | 0 |
_aFuentes virreinales _cManuel Romero de Terreros. |
| 260 |
_aMéxico _bUNAM _c1966 |
||
| 300 |
_a24 p. _bil., 55 láminas _c23 cm. |
||
| 500 | _aSuplemento del núm. 35 de los Anales del Instituto de Investigaciones Estéticas | ||
| 500 | _aEjemplar igual a Y51 | ||
| 504 | _aIncluye referencias bibliográficas | ||
| 650 | 1 | 4 |
_aArquitectura colonial _vFuentes _zMéxico _91936 |
| 942 |
_2lcc _cB |
||
| 999 |
_c491 _d491 |
||